| 000 | 00528cam a22001571 4500 | ||
|---|---|---|---|
| 082 |
_a658.311235500942 _bVER _cL-28, P-18 |
||
| 100 | 1 |
_aVernon, Philip Ewart. _944598 |
|
| 245 | 1 | 0 |
_aPersonnel selection in the British forces _c[by] Philip E. Vernon and John B. Parry. |
| 260 |
_aLondon, _bUniversity of London Press _c[1949] |
||
| 300 |
_a324 p. _billus. _c23 cm. |
||
| 526 |
_a0 _b0 _c0 _d658_311235500942000_VER |
||
| 650 | 0 |
_aAbility _xTesting. _93997 |
|
| 650 | 0 |
_aMCE _9379 |
|
| 700 | 1 |
_aParry, John B., _944599 |
|
| 942 |
_2ddc _cBK |
||
| 999 |
_c548344 _d548344 |
||